Allocation of accommodation guidance for local housing authorities in England (Record no. 113082)
[ view plain ]
| 000 -LEADER | |
|---|---|
| fixed length control field | 01898cad a22002295a 4500 |
| 001 - CONTROL NUMBER | |
| control field | L154646 |
| 008 - FIXED-LENGTH DATA ELEMENTS--GENERAL INFORMATION | |
| fixed length control field | 120109s2012 xxk f 000 0 eng d |
| 035 ## - SYSTEM CONTROL NUMBER | |
| System control number | (Sirsi) u154646 |
| 041 0# - LANGUAGE CODE | |
| Language code of text/sound track or separate title | eng |
| 110 2# - MAIN ENTRY--CORPORATE NAME | |
| Corporate name or jurisdiction name as entry element | United Kingdom |
| Subordinate unit | Department for Communities and Local Government |
| 9 (RLIN) | 4939 |
| 245 00 - TITLE STATEMENT | |
| Title | Allocation of accommodation guidance for local housing authorities in England |
| Remainder of title | consultation |
| Medium | [electronic resource] |
| 260 ## - PUBLICATION, DISTRIBUTION, ETC. | |
| Place of publication, distribution, etc. | London |
| Name of publisher, distributor, etc. | DCLG |
| Date of publication, distribution, etc. | 2012 |
| 505 2# - FORMATTED CONTENTS NOTE | |
| Formatted contents note | Ministerial Foreword -- The consultation process and how to respond -- Chapter 1 scope of guidance and definition of an allocation -- Chapter 2 Overview of the amendments to Part 6 made by the Localism Act 2011 -- Chapter 3 - Eligibility and qualification -- Chapter 4 Framing an allocation scheme -- Chapter 5 Alllocation scheme management -- Chapter 6 Working with private registered providers and contracting out - List of consultation quesstions -- Annexes 1 - 6 -- Consultation criteria |
| 520 ## - SUMMARY, ETC. | |
| Summary, etc. | Consultation on draft guidance on social housing allocations for local authorities in England. The new guidance is intended to assist authorities to take advantage of the provisions in the Localism Act 2011 which give back to local authorities the freedom to manage their own waiting lists, and make it easier for them to move existing social tenants to more suitable accommodation. It also encourages authorities to make use of the existing flexibilities within the allocation legislation to ensure that social homes go to people who need and deserve them the most. |
| 520 ## - SUMMARY, ETC. | |
| Summary, etc. | Consultation closes 30 March 2012. |
| 590 ## - LOCAL NOTE (RLIN) | |
| Local note | KA |
| 650 24 - SUBJECT ADDED ENTRY--TOPICAL TERM | |
| Topical term or geographic name entry element | LOCALISM ACT 2011 |
| 651 #4 - SUBJECT ADDED ENTRY--GEOGRAPHIC NAME | |
| Geographic name | England |
| Chronological subdivision | 886- |
| 690 ## - LOCAL SUBJECT ADDED ENTRY--TOPICAL TERM (OCLC, RLIN) | |
| Topical term or geographic name as entry element | PROPERTY-RESIDENTIAL PROPERTY-DOMESTIC RESIDENTIAL PROPERTY-HOUSING |
| 856 40 - ELECTRONIC LOCATION AND ACCESS | |
| Uniform Resource Identifier | <a href="https://www.communities.gov.uk/documents/housing/pdf/2060702.pdf">https://www.communities.gov.uk/documents/housing/pdf/2060702.pdf</a> |
| Public note | View the item free of charge at www.communities.gov.uk |
| 942 ## - ADDED ENTRY ELEMENTS (KOHA) | |
| Suppress in OPAC | 0 |
| Withdrawn status | Lost status | Source of classification or shelving scheme | Damaged status | Not for loan | Home library | Current library | Shelving location | Date acquired | Total Checkouts | Full call number | Barcode | Date last seen | Copy number | Price effective from | Koha item type |
|---|---|---|---|---|---|---|---|---|---|---|---|---|---|---|---|
| Dewey Decimal Classification | Virtual | Virtual | Online | 09/01/2012 | ONLINE PUBLICATION | 154646-2001 | 06/08/2019 | 1 | 06/08/2019 | Book |